[Event "47th Rubinstein Memorial"]
[Site "Polanica Zdroj POL"]
[Date "2011.08.20"]
[Round "1"]
[White "Kolosowski, Mateusz"]
[Black "Hnydiuk, Aleksander"]
[WhiteElo "2408"]
[BlackElo "2432"]
[Result "1/2-1/2"]
[EventDate "2011.08.20"]
[PlyCount "92"]
1. d4 d5 2. c4 c6 3. Nf3 Nf6 4. e3 a6 5. Bd3 Bg4 6. Nbd2 e6 7. O-O Nbd7 8. Qc2 Be7 9. b3 Rc8 10. Bb2 c5 11. Ne5 Bh5 12. Rac1 cxd4 13. exd4 dxc4 14. bxc4 O-O 15. Qb1 Qc7 16. c5 Bg6 17. Nxg6 hxg6 18. Nc4 Nd5 19. g3 b6 20. cxb6 N7xb6 21. Ne5 Qb7 22. Ba1 Rxc1 23. Rxc1 Rc8 24. Rxc8+ Qxc8 25. Be4 Bd6 26. Kg2 Qc7 27. Qb3 Qc1 28. Bb2 Qd2 29. Kf3 Qe1 30. Bd3 Bxe5 31. dxe5 Nd7 32. Kg2 Nc5 33. Qc2 Nb4 34. Qxc5 Nxd3 35. Qd4 Qe2 36. Bc3 g5 37. h3 Qc2 38. Ba5 Qc6+ 39. Kg1 Qf3 40. Bb6 Qd1+ 41. Kh2 Qe2 42. Qd8+ Kh7 43. Qxg5 Nxe5 44. Qf4 Nf3+ 45. Kg2 Ne1+ 46. Kg1 Nf3+ 1/2-1/2

[Event "47th Rubinstein Memorial"]
[Site "Polanica Zdroj POL"]
[Date "2011.08.20"]
[Round "1"]
[White "Sadzikowski, Daniel"]
[Black "Shishkin, Vadim"]
[WhiteElo "2388"]
[BlackElo "2457"]
[Result "0-1"]
[EventDate "2011.08.20"]
[PlyCount "64"]
1. d4 Nf6 2. c4 g6 3. Nc3 d5 4. Qb3 dxc4 5. Qxc4 Bg7 6. e4 O-O 7. Be2 Nfd7 8. Be3 Nb6 9. Qd3 Nc6 10. Nf3 Bg4 11. Rd1 Qd7 12. h3 Bxf3 13. gxf3 f5 14. f4 Rad8 15. e5 Nb4 16. Qb5 Qxb5 17. Bxb5 c6 18. Be2 Rd7 19. Rd2 e6 20. a3 N4d5 21. Nxd5 Nxd5 22. Bc4 Kf7 23. Ke2 Rfd8 24. Rhd1 Bf8 25. Rd3 Be7 26. Bxd5 Rxd5 27. R3d2 a6 28. Rc1 h6 29. Rg1 Rb5 30. Rc2 Rb3 31. Rg2 Rd5 32. Rg1 Rdb5 0-1

[Event "47th Rubinstein Memorial"]
[Site "Polanica Zdroj POL"]
[Date "2011.08.20"]
[Round "1"]
[White "Stoma, Pawel"]
[Black "Starostits, Ilmars"]
[WhiteElo "2322"]
[BlackElo "2500"]
[Result "1-0"]
[EventDate "2011.08.20"]
[PlyCount "67"]
1. e4 c6 2. d4 d5 3. e5 Bf5 4. Nf3 e6 5. Be2 Nd7 6. Be3 Ne7 7. O-O Bg6 8. Nbd2 Nf5 9. Bg5 Qc7 10. g4 Ne7 11. b4 h6 12. Bh4 h5 13. h3 a5 14. bxa5 Rxa5 15. a4 hxg4 16. hxg4 c5 17. Bg3 Nc6 18. c4 Nxd4 19. cxd5 Nxe2+ 20. Qxe2 Nb6 21. dxe6 fxe6 22. Nh4 Qc6 23. f3 Bh7 24. Ne4 Rxa4 25. Nd6+ Bxd6 26. exd6 Kd7 27. Qe5 Rg8 28. Qh5 Rxa1 29. Rxa1 Qd5 30. Qxh7 Qd4+ 31. Kh2 Rf8 32. Rb1 Kc6 33. Ng6 Qd2+ 34. Kh3 1-0

[Event "47th Rubinstein Memorial"]
[Site "Polanica Zdroj POL"]
[Date "2011.08.20"]
[Round "1"]
[White "Tazbir, Marcin"]
[Black "Sieciechowicz, Marcin"]
[WhiteElo "2520"]
[BlackElo "2454"]
[Result "1-0"]
[EventDate "2011.08.20"]
[PlyCount "69"]
1. e4 e6 2. d4 d5 3. Nc3 Bb4 4. e5 c5 5. a3 Bxc3+ 6. bxc3 Ne7 7. h4 Qa5 8. Bd2 Nbc6 9. Nf3 Bd7 10. h5 O-O-O 11. a4 Rdf8 12. h6 g6 13. Qb1 Qc7 14. Bg5 Ng8 15. Bb5 f6 16. Bxc6 Bxc6 17. Bf4 g5 18. Bg3 Qa5 19. Qb2 g4 20. Nd2 cxd4 21. cxd4 fxe5 22. Qa3 Nf6 23. Bxe5 Rhg8 24. O-O-O Qd8 25. f3 Nd7 26. Bd6 Rf5 27. Rde1 Qf6 28. a5 gxf3 29. gxf3 e5 30. a6 exd4 31. axb7+ Kxb7 32. Re7 d3 33. Rhe1 Rc8 34. Bc5 a6 35. R1e6 1-0

[Event "47th Rubinstein Memorial"]
[Site "Polanica Zdroj POL"]
[Date "2011.08.21"]
[Round "2"]
[White "Hnydiuk, Aleksander"]
[Black "Malaniuk, Vladimir"]
[WhiteElo "2432"]
[BlackElo "2455"]
[Result "1/2-1/2"]
[EventDate "2011.08.20"]
[PlyCount "45"]
1. e4 e5 2. Nf3 Nc6 3. d4 exd4 4. Nxd4 Bc5 5. Nxc6 Qf6 6. Qf3 bxc6 7. Nc3 d6 8. Qg3 Qg6 9. Bd2 Nf6 10. f3 Nd7 11. O-O-O Qxg3 12. hxg3 Ne5 13. g4 f6 14. g5 fxg5 15. Bxg5 Be6 16. Ne2 a5 17. a4 Bd7 18. b3 Bf2 19. Bd2 O-O 20. Bc3 Ng6 21. Rh5 Bb6 22. Kb2 h6 23. Nd4 1/2-1/2

[Event "47th Rubinstein Memorial"]
[Site "Polanica Zdroj POL"]
[Date "2011.08.21"]
[Round "2"]
[White "Starostits, Ilmars"]
[Black "Kolosowski, Mateusz"]
[WhiteElo "2500"]
[BlackElo "2408"]
[Result "0-1"]
[EventDate "2011.08.20"]
[PlyCount "54"]
1. e4 c5 2. Nc3 Nc6 3. g3 g6 4. Bg2 Bg7 5. d3 d6 6. f4 e6 7. Nf3 Nge7 8. Be3 Nd4 9. O-O O-O 10. e5 Nef5 11. Bf2 Rb8 12. Ne4 Nxf3+ 13. Bxf3 dxe5 14. Bxc5 Re8 15. fxe5 Bxe5 16. c3 b6 17. Bf2 Bb7 18. d4 Bg7 19. g4 Nh4 20. Bh1 Ba6 21. Bg3 Bxf1 22. Qxf1 f5 23. Bxb8 Qxb8 24. Ng5 Bh6 25. Qc1 Qd8 26. Nxe6 Bxc1 27. Nxd8 Re1+ 0-1

[Event "47th Rubinstein Memorial"]
[Site "Polanica Zdroj POL"]
[Date "2011.08.22"]
[Round "3"]
[White "Kolosowski, Mateusz"]
[Black "Sieciechowicz, Marcin"]
[WhiteElo "2408"]
[BlackElo "2454"]
[Result "1/2-1/2"]
[EventDate "2011.08.20"]
[PlyCount "26"]
1. d4 d5 2. c4 c6 3. Nf3 Nf6 4. e3 Bf5 5. Nc3 e6 6. Nh4 Bg6 7. Be2 Nbd7 8. O-O Be7 9. Bd2 O-O 10. Nxg6 hxg6 11. b3 Qc7 12. Bf3 Rfd8 13. Rb1 Nb6 1/2-1/2

[Event "47th Rubinstein Memorial"]
[Site "Polanica Zdroj POL"]
[Date "2011.08.22"]
[Round "3"]
[White "Malaniuk, Vladimir"]
[Black "Starostits, Ilmars"]
[WhiteElo "2455"]
[BlackElo "2500"]
[Result "1/2-1/2"]
[EventDate "2011.08.20"]
[PlyCount "22"]
1. d4 d5 2. Nf3 c6 3. e3 Nf6 4. c4 e6 5. Bd3 Nbd7 6. O-O Bd6 7. Nbd2 b6 8. e4 dxe4 9. Nxe4 Nxe4 10. Bxe4 Bb7 11. Re1 Nf6 1/2-1/2

[Event "47th Rubinstein Memorial"]
[Site "Polanica Zdroj POL"]
[Date "2011.08.22"]
[Round "3"]
[White "Simacek, Pavel"]
[Black "Hnydiuk, Aleksander"]
[WhiteElo "2470"]
[BlackElo "2432"]
[Result "0-1"]
[EventDate "2011.08.20"]
[PlyCount "80"]
1. e4 c5 2. Nf3 Nc6 3. g3 Nf6 4. d3 d5 5. Nbd2 e5 6. exd5 Nxd5 7. Bg2 Be7 8. O-O O-O 9. Re1 f6 10. c3 Kh8 11. a4 Nc7 12. Nc4 Be6 13. a5 Qd7 14. Qb3 Rab8 15. Rd1 Rfd8 16. Be3 Qe8 17. Ne1 Nd5 18. Qa4 Qf7 19. Rd2 Bf8 20. Nc2 f5 21. f4 exf4 22. gxf4 Bd7 23. Qa2 Nxe3 24. N2xe3 Qg6 25. Rf1 b5 26. axb6 axb6 27. Rf3 Bd6 28. Rg3 Qh6 29. Nxd6 Qxd6 30. Qf7 Qf8 31. Qh5 Re8 32. Rh3 h6 33. Bd5 Qd6 34. Bf7 Re7 35. Rg2 Qxf4 36. Rxg7 Ne5 37. Rg5 Qxg5+ 38. Qxg5 Nf3+ 39. Rxf3 hxg5 40. Bd5 g4 0-1

[Event "47th Rubinstein Memorial"]
[Site "Polanica Zdroj POL"]
[Date "2011.08.22"]
[Round "3"]
[White "Stoma, Pawel"]
[Black "Sadzikowski, Daniel"]
[WhiteElo "2322"]
[BlackElo "2388"]
[Result "0-1"]
[EventDate "2011.08.20"]
[PlyCount "80"]
1. e4 e5 2. Nf3 Nc6 3. Bb5 a6 4. Ba4 Nge7 5. Nc3 d6 6. d4 b5 7. Bb3 Nxd4 8. Nxd4 exd4 9. Qh5 Ng6 10. Ne2 c5 11. a4 Bb7 12. Bd5 Bxd5 13. Qxd5 Ne7 14. Qb3 bxa4 15. Rxa4 d5 16. f3 Rb8 17. Qa2 Nc6 18. Rxa6 Nb4 19. Qa4+ Qd7 20. Qxd7+ Kxd7 21. Ra7+ Kc6 22. exd5+ Kb6 23. Rxf7 Nxc2+ 24. Kd1 Nb4 25. Nf4 g5 26. Ne6 Nxd5 27. Nxg5 h6 28. Ne4 Kc6 29. Re1 Bd6 30. Nxd6 Kxd6 31. Rf5 Rhe8 32. Rxe8 Rxe8 33. Rh5 c4 34. h4 Kc5 35. Rxh6 c3 36. Rg6 Kc4 37. bxc3 Kd3 38. Bd2 Re2 39. cxd4 Rxd2+ 40. Ke1 Ne3 0-1

[Event "47th Rubinstein Memorial"]
[Site "Polanica Zdroj POL"]
[Date "2011.08.22"]
[Round "3"]
[White "Tazbir, Marcin"]
[Black "Shishkin, Vadim"]
[WhiteElo "2520"]
[BlackElo "2457"]
[Result "1/2-1/2"]
[EventDate "2011.08.20"]
[PlyCount "52"]
1. d4 Nf6 2. c4 g6 3. g3 c6 4. d5 cxd5 5. cxd5 d6 6. Bg2 Bg7 7. Nc3 O-O 8. Nf3 Na6 9. O-O Bd7 10. Be3 Qa5 11. Bd4 Nc5 12. Nd2 Na4 13. Nb3 Qa6 14. Qd2 Nxc3 15. Bxc3 Bb5 16. Rfe1 Bc4 17. e4 Bxb3 18. axb3 Qb6 19. Bd4 Qxb3 20. Bf1 Rfc8 21. Bd3 a5 22. Ra3 Qb4 23. Qxb4 axb4 24. Rb3 Nd7 25. Rxb4 Bxd4 26. Rxd4 Ne5 1/2-1/2

[Event "47th Rubinstein Memorial"]
[Site "Polanica Zdroj POL"]
[Date "2011.08.23"]
[Round "4"]
[White "Sadzikowski, Daniel"]
[Black "Kolosowski, Mateusz"]
[WhiteElo "2388"]
[BlackElo "2408"]
[Result "1/2-1/2"]
[EventDate "2011.08.20"]
[PlyCount "104"]
1. d4 Nf6 2. c4 g6 3. Nc3 d5 4. Qb3 dxc4 5. Qxc4 Bg7 6. e4 O-O 7. Be2 Nc6 8. Nf3 Nd7 9. Be3 Nb6 10. Qd3 f5 11. Rd1 f4 12. Bc1 Bg4 13. e5 e6 14. O-O Qe7 15. h3 Bf5 16. Qb5 g5 17. Qc5 h6 18. Bb5 Qxc5 19. dxc5 Nd5 20. Nxd5 exd5 21. Rxd5 Be6 22. Bxc6 bxc6 23. Rd4 Bxa2 24. h4 Bd5 25. hxg5 hxg5 26. Nxg5 Bxe5 27. Ra4 Rf5 28. Nh3 Raf8 29. f3 R8f7 30. Kf2 Bb3 31. Rb4 Bc2 32. Re1 a5 33. Rb8+ Kg7 34. Rxe5 Rxe5 35. Nxf4 Rfe7 36. b4 Kf7 37. bxa5 Rxc5 38. Ba3 Rxa5 39. Bxe7 Kxe7 40. Rb2 Bh7 41. g4 c5 42. g5 Ra6 43. Nd5+ Kd6 44. Rd2 Kc6 45. Kg3 Kb7 46. Nf6 Bg6 47. Nd7 Ra5 48. Rd5 Kc6 49. Rd1 c4 50. f4 Bf5 51. Ne5+ Kc5 52. g6 c3 1/2-1/2

[Event "47th Rubinstein Memorial"]
[Site "Polanica Zdroj POL"]
[Date "2011.08.23"]
[Round "4"]
[White "Shishkin, Vadim"]
[Black "Hnydiuk, Aleksander"]
[WhiteElo "2457"]
[BlackElo "2432"]
[Result "0-1"]
[EventDate "2011.08.20"]
[PlyCount "72"]
1. d4 d5 2. c4 c6 3. Nc3 Nf6 4. e3 a6 5. Nf3 b5 6. c5 Nbd7 7. b4 a5 8. bxa5 Qxa5 9. Bd2 b4 10. Nb1 Ne4 11. Be2 e5 12. a3 Nxd2 13. Nfxd2 Qc7 14. O-O Be7 15. Qb3 exd4 16. exd4 Nxc5 17. dxc5 Qe5 18. Ra2 Qxe2 19. axb4 Rxa2 20. Qxa2 O-O 21. Nc3 Qd3 22. Ndb1 Bf6 23. Rd1 Re8 24. h3 Qg6 25. Kf1 d4 26. Ne2 Be6 27. Qa6 Bd5 28. f3 Qc2 29. Rc1 Qb2 30. Na3 g6 31. Rd1 Qxb4 32. Nf4 Bh4 33. Nd3 Qb3 34. Rb1 Qa2 35. Kg1 Bg3 36. Qa4 Re2 0-1

[Event "47th Rubinstein Memorial"]
[Site "Polanica Zdroj POL"]
[Date "2011.08.23"]
[Round "4"]
[White "Sieciechowicz, Marcin"]
[Black "Malaniuk, Vladimir"]
[WhiteElo "2454"]
[BlackElo "2455"]
[Result "1/2-1/2"]
[EventDate "2011.08.20"]
[PlyCount "47"]
1. d4 Nf6 2. c4 d6 3. Nf3 Nbd7 4. Nc3 c6 5. e4 e5 6. Be2 Be7 7. O-O a6 8. d5 cxd5 9. cxd5 b5 10. a3 Nb6 11. b4 Bd7 12. Be3 Qb8 13. Nd2 O-O 14. f4 exf4 15. Bxf4 Rc8 16. Rc1 Ne8 17. Qe1 Bf6 18. Qg3 Ra7 19. e5 Bxe5 20. Bxe5 dxe5 21. Bd3 e4 22. Qxb8 Rxb8 23. Ndxe4 Rd8 24. Nc5 1/2-1/2

[Event "47th Rubinstein Memorial"]
[Site "Polanica Zdroj POL"]
[Date "2011.08.23"]
[Round "4"]
[White "Starostits, Ilmars"]
[Black "Simacek, Pavel"]
[WhiteElo "2500"]
[BlackElo "2470"]
[Result "0-1"]
[EventDate "2011.08.20"]
[PlyCount "68"]
1. e4 c5 2. Nf3 d6 3. d4 cxd4 4. Nxd4 Nf6 5. Nc3 a6 6. Bc4 e6 7. Bb3 Be7 8. f4 Nc6 9. Be3 Nxd4 10. Bxd4 O-O 11. O-O Bd7 12. Bxf6 Bxf6 13. Qxd6 Bxc3 14. bxc3 Bc6 15. e5 Qh4 16. Rf2 Rad8 17. Qc5 Qg4 18. Qe3 Rd1+ 19. Rxd1 Qxd1+ 20. Rf1 Qg4 21. Qd2 g6 22. Bc4 Kg7 23. Qf2 g5 24. Qd2 Kh8 25. Bd3 gxf4 26. Rxf4 Qg5 27. Qf2 Qxe5 28. Rxf7 Rxf7 29. Qxf7 Qe1+ 30. Bf1 h6 31. Qf2 Qb1 32. Qf8+ Kh7 33. Qf7+ Kh8 34. Qxe6 Qb6+ 0-1

[Event "47th Rubinstein Memorial"]
[Site "Polanica Zdroj POL"]
[Date "2011.08.24"]
[Round "5"]
[White "Hnydiuk, Aleksander"]
[Black "Starostits, Ilmars"]
[WhiteElo "2432"]
[BlackElo "2500"]
[Result "1/2-1/2"]
[EventDate "2011.08.20"]
[PlyCount "23"]
1. e4 c5 2. Nf3 d6 3. c3 Nf6 4. Be2 Nbd7 5. d3 b6 6. O-O Bb7 7. Nbd2 g6 8. Re1 Bg7 9. Bf1 O-O 10. d4 e5 11. dxe5 Nxe5 12. Nxe5 1/2-1/2

[Event "47th Rubinstein Memorial"]
[Site "Polanica Zdroj POL"]
[Date "2011.08.24"]
[Round "5"]
[White "Kolosowski, Mateusz"]
[Black "Tazbir, Marcin"]
[WhiteElo "2408"]
[BlackElo "2520"]
[Result "1/2-1/2"]
[EventDate "2011.08.20"]
[PlyCount "80"]
1. e4 Nf6 2. e5 Nd5 3. d4 Nb6 4. f4 d6 5. Nf3 g6 6. Be2 Bg7 7. O-O O-O 8. c3 c5 9. dxc5 dxc5 10. Ng5 Bf5 11. Bf3 h6 12. Ne4 Na6 13. Qe2 Qc7 14. Na3 Rad8 15. Nb5 Qb8 16. g3 f6 17. Re1 fxe5 18. Be3 Nd5 19. Bf2 exf4 20. g4 Bc8 21. Nxc5 Ne3 22. Ne4 Nc7 23. Nxc7 Qxc7 24. Bxe3 fxe3 25. Qxe3 Qf4 26. Bg2 Qxe3+ 27. Rxe3 Bxg4 28. Nf2 Bc8 29. Rxe7 Rd2 30. Ne4 Rxb2 31. Nd6 Bg4 32. Bd5+ Kh8 33. Nf7+ Kh7 34. Rf1 Bh3 35. Ng5+ hxg5 36. Rxf8 Rb1+ 37. Kf2 Rf1+ 38. Kg3 Rxf8 39. Kxh3 b6 40. Rxa7 Rf2 1/2-1/2

[Event "47th Rubinstein Memorial"]
[Site "Polanica Zdroj POL"]
[Date "2011.08.24"]
[Round "5"]
[White "Malaniuk, Vladimir"]
[Black "Sadzikowski, Daniel"]
[WhiteElo "2455"]
[BlackElo "2388"]
[Result "1/2-1/2"]
[EventDate "2011.08.20"]
[PlyCount "21"]
1. d4 Nf6 2. Nf3 d5 3. c4 e6 4. Bg5 Be7 5. Nc3 h6 6. Bh4 O-O 7. e3 b6 8. Bd3 Bb7 9. O-O Nbd7 10. Qe2 c5 11. cxd5 1/2-1/2

[Event "47th Rubinstein Memorial"]
[Site "Polanica Zdroj POL"]
[Date "2011.08.24"]
[Round "5"]
[White "Simacek, Pavel"]
[Black "Sieciechowicz, Marcin"]
[WhiteElo "2470"]
[BlackElo "2454"]
[Result "0-1"]
[EventDate "2011.08.20"]
[PlyCount "60"]
1. e4 c5 2. Nf3 d6 3. d4 cxd4 4. Nxd4 Nf6 5. Nc3 a6 6. Bg5 e6 7. f4 Qb6 8. Qd2 Qxb2 9. Rb1 Qa3 10. f5 Nc6 11. fxe6 fxe6 12. Nxc6 bxc6 13. e5 dxe5 14. Bxf6 gxf6 15. Ne4 Qxa2 16. Rd1 Be7 17. Nd6+ Bxd6 18. Qxd6 Qa5+ 19. Rd2 Ra7 20. Bc4 Rd7 21. Qxe6+ Kd8 22. Qxf6+ Kc7 23. O-O Qxd2 24. Qxe5+ Qd6 25. Qxh8 Qc5+ 26. Kh1 Qxc4 27. Qe5+ Rd6 28. Qa5+ Kb8 29. Re1 c5 30. h3 Bb7 0-1

[Event "47th Rubinstein Memorial"]
[Site "Polanica Zdroj POL"]
[Date "2011.08.24"]
[Round "5"]
[White "Stoma, Pawel"]
[Black "Shishkin, Vadim"]
[WhiteElo "2322"]
[BlackElo "2457"]
[Result "1-0"]
[EventDate "2011.08.20"]
[PlyCount "197"]
1. e4 c5 2. c3 d5 3. exd5 Qxd5 4. d4 Nf6 5. Nf3 Nc6 6. Be2 cxd4 7. cxd4 Bf5 8. Nc3 Qa5 9. O-O e6 10. Qb3 Qb4 11. Nb5 Rc8 12. Bf4 Nd5 13. Bg3 Qxb3 14. axb3 a6 15. Nd6+ Bxd6 16. Bxd6 f6 17. Rfc1 Kf7 18. Rc4 Rhd8 19. Bg3 Nb6 20. Rc3 Nxd4 21. Nxd4 Rxd4 22. Rac1 Rxc3 23. bxc3 Rd2 24. Bf3 Nd7 25. Bf4 Rb2 26. g4 Bb1 27. b4 e5 28. Rd1 Ke7 29. Bc1 Rb3 30. Bxb7 Bc2 31. Rd2 Rxc3 32. Bxa6 Be4 33. Bb2 Rc7 34. Be2 Nb6 35. f3 Bd5 36. Kf2 Ke6 37. Bd3 g6 38. Rc2 Ra7 39. Bc1 Ra4 40. Bd2 Ra3 41. Be2 e4 42. f4 Rh3 43. Kg1 Rb3 44. Kf2 Rh3 45. Kg1 Rb3 46. Kf2 Rh3 47. Be3 Nc4 48. Bd4 Rxh2+ 49. Kg3 Na3 50. f5+ gxf5 51. gxf5+ Kd6 52. Rd2 Rh1 53. Bxf6 Rc1 54. Kf4 Nc4 55. Rd4 Nb6 56. Be5+ Kc6 57. f6 Rc2 58. Bh5 Rf2+ 59. Kg5 e3 60. Rd1 e2 61. Rc1+ Nc4 62. Bf4 Kb7 63. Re1 Rg2+ 64. Kf5 Nb6 65. Bxe2 Rf2 66. Bb5 Nc8 67. Kg4 h5+ 68. Kg5 h4 69. Rc1 h3 70. Bd7 Rg2+ 71. Kh6 h2 72. Bxc8+ Kb6 73. Bxh2 Rxh2+ 74. Kg5 Rg2+ 75. Kf5 Rf2+ 76. Ke5 Bf7 77. Bd7 Rd2 78. Ba4 Re2+ 79. Kf5 Rf2+ 80. Ke5 Re2+ 81. Kd4 Rd2+ 82. Ke4 Rb2 83. Rc6+ Kb7 84. Rd6 Rxb4+ 85. Kf5 Kc8 86. Rc6+ Kb7 87. Rd6 Kc8 88. Bd1 Rb5+ 89. Kf4 Rb4+ 90. Kg5 Kc7 91. Ra6 Rb6 92. Ra7+ Rb7 93. Rxb7+ Kxb7 94. Bh5 Bc4 95. Kg6 Kc7 96. Kg7 Kd6 97. Bf7 Be2 98. Bb3 Bh5 99. Bc2 1-0

[Event "47th Rubinstein Memorial"]
[Site "Polanica Zdroj POL"]
[Date "2011.08.25"]
[Round "6"]
[White "Sadzikowski, Daniel"]
[Black "Simacek, Pavel"]
[WhiteElo "2388"]
[BlackElo "2470"]
[Result "1/2-1/2"]
[EventDate "2011.08.20"]
[PlyCount "91"]
1. e4 e5 2. Nf3 Nc6 3. Bb5 f5 4. d3 fxe4 5. dxe4 d6 6. Nc3 Nf6 7. O-O Bg4 8. h3 Bh5 9. Qd3 Qd7 10. Nd5 a6 11. Bxc6 bxc6 12. Nxf6+ gxf6 13. Nh4 Bg7 14. f4 O-O 15. fxe5 fxe5 16. Rxf8+ Bxf8 17. Bd2 d5 18. Rf1 Qe6 19. Kh1 Bg7 20. Nf5 Bg6 21. c4 Rd8 22. g4 Kh8 23. Bg5 Bf6 24. Bxf6+ Qxf6 25. cxd5 cxd5 26. exd5 Qb6 27. Qe4 Qxb2 28. Re1 Re8 29. h4 Qf2 30. Qe2 Qxe2 31. Rxe2 Bxf5 32. gxf5 Kg7 33. Rc2 Kf6 34. Rxc7 h5 35. d6 Rd8 36. d7 Kxf5 37. Kg2 Ke6 38. Rc6+ Kd5 39. Rxa6 Rxd7 40. Rh6 Ke4 41. Rxh5 Kf4 42. Rh8 Rd2+ 43. Kh3 Rd3+ 44. Kg2 Ra3 45. Rf8+ Kg4 46. Kf2 1/2-1/2

[Event "47th Rubinstein Memorial"]
[Site "Polanica Zdroj POL"]
[Date "2011.08.25"]
[Round "6"]
[White "Sieciechowicz, Marcin"]
[Black "Hnydiuk, Aleksander"]
[WhiteElo "2454"]
[BlackElo "2432"]
[Result "1/2-1/2"]
[EventDate "2011.08.20"]
[PlyCount "48"]
1. d4 d5 2. c4 c6 3. Nf3 Nf6 4. Nc3 dxc4 5. a4 Bf5 6. Ne5 e6 7. f3 c5 8. e4 Bg6 9. Be3 cxd4 10. Qxd4 Qxd4 11. Bxd4 Nfd7 12. Nxd7 Nxd7 13. Bxc4 Rc8 14. Bb5 a6 15. Bxd7+ Kxd7 16. Ke2 f6 17. Rhd1 Ke8 18. Rac1 Be7 19. Bb6 Rf8 20. a5 f5 21. exf5 Bxf5 22. Ne4 Rxc1 23. Rxc1 Bxe4 24. fxe4 Bd6 1/2-1/2

[Event "47th Rubinstein Memorial"]
[Site "Polanica Zdroj POL"]
[Date "2011.08.25"]
[Round "6"]
[White "Stoma, Pawel"]
[Black "Kolosowski, Mateusz"]
[WhiteElo "2322"]
[BlackElo "2408"]
[Result "0-1"]
[EventDate "2011.08.20"]
[PlyCount "80"]
1. e4 e5 2. Nf3 Nc6 3. Bb5 f5 4. d4 fxe4 5. Nxe5 Nxe5 6. dxe5 c6 7. Be2 Qa5+ 8. Nd2 Qxe5 9. f3 Nf6 10. fxe4 Bc5 11. Nc4 Qe7 12. Bg5 d5 13. exd5 O-O 14. Qd2 Bg4 15. Kd1 Rad8 16. Bxg4 Rxd5 17. Re1 Rxd2+ 18. Bxd2 Qc7 19. Be6+ Kh8 20. g3 b5 21. Ne5 Bd6 22. Nf3 Ne4 23. Rxe4 Rxf3 24. Ke2 Rf8 25. Rf1 Re8 26. Kd1 Be7 27. Bb3 Rd8 28. Kc1 Qd7 29. Re2 Bf6 30. c3 c5 31. Bc2 b4 32. cxb4 cxb4 33. Bxb4 Qb5 34. Rfe1 Bxb2+ 35. Kb1 Bc3 36. Re8+ Rxe8 37. Rxe8+ Qxe8 38. Bxc3 Qb5+ 39. Kc1 Qf1+ 40. Kb2 Qh3 0-1

[Event "47th Rubinstein Memorial"]
[Site "Polanica Zdroj POL"]
[Date "2011.08.25"]
[Round "6"]
[White "Tazbir, Marcin"]
[Black "Malaniuk, Vladimir"]
[WhiteElo "2520"]
[BlackElo "2455"]
[Result "1/2-1/2"]
[EventDate "2011.08.20"]
[PlyCount "60"]
1. e4 e5 2. Nf3 Nc6 3. Bb5 a6 4. Ba4 Nge7 5. c3 g6 6. d4 exd4 7. Nxd4 Bg7 8. Be3 O-O 9. O-O Ne5 10. Nd2 d5 11. Bg5 f6 12. Bh4 c5 13. N4f3 b5 14. Bb3 Nxf3+ 15. Nxf3 Bb7 16. exd5 Bxd5 17. Re1 Bxb3 18. Qxb3+ c4 19. Qa3 Nf5 20. Qc5 Rc8 21. Qa7 Rc6 22. Rad1 Rd6 23. Rxd6 Qxd6 24. Bg3 Qc6 25. Nd4 Nxd4 26. Qxd4 f5 27. Be5 Re8 28. Re3 Bxe5 29. Rxe5 Rxe5 30. Qxe5 Qd7 1/2-1/2

[Event "47th Rubinstein Memorial"]
[Site "Polanica Zdroj POL"]
[Date "2011.08.26"]
[Round "7"]
[White "Hnydiuk, Aleksander"]
[Black "Sadzikowski, Daniel"]
[WhiteElo "2432"]
[BlackElo "2388"]
[Result "1-0"]
[EventDate "2011.08.20"]
[PlyCount "107"]
1. e4 c5 2. b3 Nc6 3. Bb2 e6 4. Nf3 d6 5. d4 cxd4 6. Nxd4 Nf6 7. Nxc6 bxc6 8. e5 dxe5 9. Qxd8+ Kxd8 10. Bxe5 Nd5 11. a3 f6 12. Bb2 e5 13. Bd3 Kc7 14. Nd2 Be6 15. O-O-O Nf4 16. Bc4 Bd5 17. Bxd5 cxd5 18. g3 Nh3 19. Rhf1 Bc5 20. f3 a5 21. Rde1 Rhb8 22. Re2 Rb7 23. c3 h5 24. b4 Ba7 25. Nb3 a4 26. Na5 Rbb8 27. f4 e4 28. c4 Ng1 29. Rg2 Nf3 30. cxd5 Kd6 31. Rc2 Rc8 32. Rc6+ Kxd5 33. Rd1+ Bd4 34. Bxd4 Nxd4 35. b5 e3 36. Rxc8 Rxc8+ 37. Nc6 e2 38. Rxd4+ Kc5 39. Kd2 Re8 40. Ke1 Kxb5 41. Nb4 h4 42. Nc2 hxg3 43. hxg3 Rc8 44. Rb4+ Ka5 45. Ne3 Rc3 46. Nc4+ Ka6 47. g4 Rg3 48. Kxe2 Rxg4 49. Ne3 Rh4 50. Rxa4+ Kb5 51. Rb4+ Kc5 52. Rc4+ Kb5 53. a4+ Ka5 54. f5 1-0

[Event "47th Rubinstein Memorial"]
[Site "Polanica Zdroj POL"]
[Date "2011.08.26"]
[Round "7"]
[White "Kolosowski, Mateusz"]
[Black "Shishkin, Vadim"]
[WhiteElo "2408"]
[BlackElo "2457"]
[Result "1/2-1/2"]
[EventDate "2011.08.20"]
[PlyCount "33"]
1. d4 Nf6 2. c4 g6 3. g3 d5 4. cxd5 Nxd5 5. Bg2 Bg7 6. Nf3 Nb6 7. Nc3 Nc6 8. e3 e5 9. d5 Ne7 10. e4 c6 11. d6 Ng8 12. b3 f6 13. Ba3 Nh6 14. O-O Be6 15. Qd3 O-O 16. Nd2 f5 17. Bh3 1/2-1/2

[Event "47th Rubinstein Memorial"]
[Site "Polanica Zdroj POL"]
[Date "2011.08.26"]
[Round "7"]
[White "Simacek, Pavel"]
[Black "Tazbir, Marcin"]
[WhiteElo "2470"]
[BlackElo "2520"]
[Result "0-1"]
[EventDate "2011.08.20"]
[PlyCount "66"]
1. e4 c5 2. Nf3 d6 3. Bb5+ Nd7 4. c3 Ngf6 5. d3 a6 6. Ba4 g6 7. O-O Bg7 8. Re1 O-O 9. d4 b5 10. Bc2 e5 11. a4 Bb7 12. b3 exd4 13. cxd4 Re8 14. Nbd2 cxd4 15. Bb2 Ng4 16. Qb1 Qb6 17. Rf1 Rac8 18. a5 Qc5 19. Bd3 Qb4 20. Rd1 Nc5 21. Ne1 Ne6 22. Nc2 Qc5 23. b4 Qh5 24. Nf1 Qh4 25. g3 Qh3 26. f3 Ne5 27. Ne1 d5 28. Nd2 Nc4 29. exd5 Bxd5 30. Bf1 Qh5 31. Nd3 Nxd2 32. Rxd2 Ng5 33. Bg2 Nxf3+ 0-1

[Event "47th Rubinstein Memorial"]
[Site "Polanica Zdroj POL"]
[Date "2011.08.26"]
[Round "7"]
[White "Starostits, Ilmars"]
[Black "Sieciechowicz, Marcin"]
[WhiteElo "2500"]
[BlackElo "2454"]
[Result "1/2-1/2"]
[EventDate "2011.08.20"]
[PlyCount "150"]
1. e4 e6 2. d4 d5 3. Nc3 Bb4 4. e5 c5 5. a3 Bxc3+ 6. bxc3 Qa5 7. Bd2 Qa4 8. Qg4 g6 9. Qd1 b6 10. c4 Ba6 11. cxd5 Qxd4 12. Bxa6 Nxa6 13. dxe6 Qxe5+ 14. Ne2 O-O-O 15. O-O Qxe6 16. Nf4 Qc4 17. Nd3 Nf6 18. Qf3 Ne4 19. Bf4 f5 20. Ne5 Qe6 21. h4 Nc7 22. c4 h6 23. Rfe1 g5 24. Bh2 Rd2 25. g4 Rf8 26. Rxe4 f4 27. Rae1 Qd6 28. h5 Rf6 29. Ng6 Rd3 30. Qg2 Ne6 31. a4 Kb8 32. a5 Ra3 33. axb6 axb6 34. R4e2 Ka7 35. Kh1 Kb8 36. Qd5 Qxd5+ 37. cxd5 Nc7 38. Re6 Nxd5 39. Rxf6 Nxf6 40. Ne5 Kc7 41. f3 b5 42. Bg1 Rc3 43. Kg2 b4 44. Nf7 b3 45. Nxh6 b2 46. Rb1 Rc2+ 47. Kh3 Rc1 48. Rxb2 Rxg1 49. Rc2 Kc6 50. Nf5 Rd1 51. Kg2 Kd5 52. Ne7+ Kd4 53. Nc6+ Kd5 54. Na5 Rd4 55. Nb3 Rc4 56. Rd2+ Ke6 57. Ra2 Rc3 58. Nd2 Rc1 59. Kf2 c4 60. Ra5 c3 61. Nb3 Rc2+ 62. Ke1 Rb2 63. Nd4+ Kf7 64. Rxg5 Rd2 65. Ne2 Rd3 66. Kf2 c2 67. h6 Rd2 68. Rg7+ Ke6 69. Rc7 Nh7 70. Rc6+ Kf7 71. Rc7+ Kg6 72. Rc6+ Kf7 73. Kf1 Rd1+ 74. Kf2 Rd2 75. Rc4 Kg6 1/2-1/2

[Event "47th Rubinstein Memorial"]
[Site "Polanica Zdroj POL"]
[Date "2011.08.27"]
[Round "8"]
[White "Kolosowski, Mateusz"]
[Black "Malaniuk, Vladimir"]
[WhiteElo "2408"]
[BlackElo "2455"]
[Result "1/2-1/2"]
[EventDate "2011.08.20"]
[PlyCount "25"]
1. e4 e5 2. Nf3 Nc6 3. Bb5 a6 4. Ba4 d6 5. c3 Bd7 6. O-O g6 7. d4 Bg7 8. d5 Nce7 9. Bxd7+ Qxd7 10. c4 h6 11. Nc3 f5 12. Ne1 Nf6 13. f3 1/2-1/2